संवादाचा सुवावो : (Record no. 60795)

MARC details
000 -LEADER
fixed length control field 01109nam a22002297a 4500
005 - DATE AND TIME OF LATEST TRANSACTION
control field 20120112143825.0
008 - FIXED-LENGTH DATA ELEMENTS--GENERAL INFORMATION
fixed length control field 120112t xxu||||| |||| 00| 0 mar d
010 ## - LCCN (DPL NO)
LC control number MAR-21838
020 ## - INTERNATIONAL STANDARD BOOK NUMBER
International Standard Book Number 9788174344489
Terms of availability 150.00
035 ## - SYSTEM CONTROL NUMBER
System control number MR-14496
037 ## - SOURCE OF ACQUISITION
Source of stock number/acquisition DBAD/PUB
040 ## - CATALOGING SOURCE
Original cataloging agency DPL
Language of cataloging MR
082 ## - DEWEY DECIMAL CLASSIFICATION NUMBER
Classification number 080
100 ## - MAIN ENTRY--PERSONAL NAME
Personal name एलकुंचवार,महेश
9 (RLIN) 39079
245 ## - TITLE STATEMENT
Title संवादाचा सुवावो :
Remainder of title प्राचार्य राम शेवाळकरांशी रंगलेल्या गप्पा /
Statement of responsibility, etc महेश एलकुंचवार
246 ## - VARYING FORM OF TITLE
Title proper/short title Samwadadacha Suwawo : Prarcharya Ram Shevalkaranshi Ranglelaya Gappa
Remainder of title by Mahesh Elkunchwar
260 ## - PUBLICATION, DISTRIBUTION, ETC. (IMPRINT)
Place of publication, distribution, etc पुणे
Name of publisher, distributor, etc राजहंस प्रकाशन
Date of publication, distribution, etc 2009
270 ## - ADDRESS
Address 1025,सदाशिव पेठ,
City पुणे
Postal code 411030
300 ## - PHYSICAL DESCRIPTION
Extent 172पृ.
Dimensions 21सेमी(अजिल्द)
942 ## - ADDED ENTRY ELEMENTS (KOHA)
Source of classification or shelving scheme Dewey Decimal Classification
Item type Marathi Books
Classification part 080
Call number suffix एलकुं
Holdings
Withdrawn status Lost status Source of classification or shelving scheme Damaged status Not for loan Collection code Home library Current library Date acquired Source of acquisition Cost, normal purchase price Total Checkouts Full call number Barcode Date last seen Copy number Cost, replacement price Koha item type
    Dewey Decimal Classification   Not For Loan Non-fiction D.B.Act.Division D.B.Act.Division 12/01/2012 DBAD/PUB 150.00   080 एलकुं MR-14496 12/01/2012 1 150.00 Marathi Books

© Delhi Public Library
Hit Counter
free hit counter